01167nam a2200301Ia 4500001001200000003000800012006001900020007001500039008004100054010001700095020002300112020001800135040002100153035002100174050002300195082001200218100002100230245012100251260004900372300002400421504006400445533015200509650001500661650001700676655002900693710001700722856012600739ebr10269056CaPaEBRm u cr cn|||||||||991019s2000 nyua sb 001 0 eng d z 99054666  z0195135679 (cloth) z9780195135671 aCaPaEBRcCaPaEBR a(OCoLC)64678751914aBD541b.K66 2000eb04a1222211 aKoons, Robert C.10aRealism regainedh[electronic resource] :ban exact theory of causation, teleology, and the mind /cRobert C. Koons. aNew York :bOxford University Press,cc2000. axvi, 349 p. :bill. aIncludes bibliographical references (p. 329-339) and index. aElectronic reproduction.bPalo Alto, Calif. :cebrary,d2009.nAvailable via World Wide Web.nAccess may be limited to ebrary affiliated libraries. 0aCausation. 0aMetaphysics. 7aElectronic books.2local2 aebrary, Inc.40uhttp://site.ebrary.com/lib/rucke/Doc?id=10269056zAn electronic book accessible through the World Wide Web; click to view